| 000 | 00799cab a2200241 4500 | ||
|---|---|---|---|
| 001 | WB3511-12 | ||
| 008 | 090401t1999 xxu||||| |||| 00| 0 eng d | ||
| 035 | _a(Sirsi) u92117 | ||
| 041 | _aeng | ||
| 245 | _aGreen and pleasant land `at risk` as meadows disappear | ||
| 260 | _c1999 | ||
| 350 | _a0 | ||
| 490 |
_aGuardian _v15 March 1999, 4(1) |
||
| 520 | _aA CPRE report finds that England's meadows and grasslands are vanishing at a rapid rate. Since 1990, an area the size of Bedfordshire has disappeared. The report calls for implementation of the EU Directive on environmental impact assessment. | ||
| 650 | _aENGLAND | ||
| 650 | _aGRASSLAND | ||
| 650 | _aMEADOWS | ||
| 650 | _aPREDICTIONS | ||
| 650 | _aREDUCTIONS | ||
| 690 | _aCONSERVATION | ||
| 942 | _n0 | ||
| 948 | _c16/03/1999 | ||
| 999 |
_c58404 _d58404 |
||